000 01903cam a22001934a 4500
005 20250605163932.0
008 250528s ||||||||||||||||||||||||d
035 _a14737
020 _a960789569
040 _aGR-AtMCL
_bgre
_dGR-AtMCL
_eAACR2
245 1 _aΠαιδική Σεξουαλικότητα και Τοξικομανία / Μια Απόπειρα Ψυχαναλυτικής Διερεύνησης
260 _bΚοαν,
_c2006
300 _a208
520 _aΤο παρόν βιβλίο εξετάζει κάποια από τα αίτια, που μπορούν να οδηγήσουν στη χρήση εξαρτησιογόνων ουσιών. Πρόλογος, Λίγα Λόγια για το Έργο, Ευχαριστίες, Γνωστικό Πεδίο, Προβληματική, Υποθέσεις, Η Παιδική Ηλικία του Τοξικομανούς, Το Παιδί και η Μητέρα: Στάδιο του Καθρέφτη, Σταδιο του Σπασμένου Καθρέφτη, Παιδί και Οικογένεια, Μυστικό Μέσα στην Οικογένεια, Το Παιδί και ο Πατέρας, Η Αποπλάνηση Μέσα στην Οικογένεια, Αποπλάνηση: Εώς Που;, Μηχανισμοί Άμυνας του Εν Δυνάμει Τοξικομανούς, Η Θέση του Νόμου στη Ζωή του Τοξικομανούς, Ναρκισσισμός και Τοξικομανία, Εξάρτηση - Θάνατος - Φαντασιακό - Πραγματικότητα - Χρόνος, Η Σεξουαλικότητα των Τοξικομανών, Τοξικομανείς: Ψυχικές Δομές, Βιβλιογραφία, Συγγραφείς, Σημειώσεις.
700 1 _aΛαζάρου Καρασάββας Καλλίμαχος
_9490
942 _cBK
999 _c357
_d357